[Event "Oberliga Nord N 2122"]
[Site "Germany"]
[Date "2022.05.01"]
[Round "9.5"]
[White "Laqua, Christian"]
[Black "Lampe, Dirk"]
[Result "0-1"]
[WhiteElo "2101"]
[BlackElo "2166"]
[PlyCount "52"]
[EventDate "2021.10.31"]
[EventType "team-tourn"]
[EventRounds "9"]
[EventCountry "GER"]
[SourceTitle "EXT 2023"]
[Source "ChessBase"]
[SourceDate "2022.10.05"]
[SourceVersion "1"]
[SourceVersionDate "2022.10.05"]
[SourceQuality "1"]
[WhiteTeam "Hamburg Diogenes"]
[BlackTeam "Luebeck"]
[WhiteTeamCountry "GER"]
[BlackTeamCountry "GER"]

1. c4 g6 2. g3 Bg7 3. Bg2 d6 4. Nc3 Nf6 5. d4 0-0 6. e3 Nbd7 7. Nge2 e5 8. b3 Re8 9. a4 exd4 10. exd4 d5 11. c5 Ne4 12. Nxe4 dxe4 13. Be3 c6 14. Rc1 Nf6 15. 0-0 Bg4 16. h3 Bxe2 17. Qxe2 Nd5 18. Rc4 h6 19. b4 a6 20. Rb1 Qd7 21. Rc2 Kh7 22. b5 axb5 23. axb5 Ra3 24. bxc6 bxc6 25. Qe1 Nxe3 26. fxe3 Rxe3 0-1

[Event "Oberliga Nord N 1920"]
[Site "Germany"]
[Date "2021.08.15"]
[Round "9.5"]
[White "Lampe, Joerg"]
[Black "Laqua, Christian"]
[Result "1-0"]
[WhiteElo "2119"]
[BlackElo "2103"]
[PlyCount "79"]
[EventDate "2019.09.29"]
[EventType "team-tourn"]
[EventRounds "9"]
[EventCountry "GER"]
[SourceTitle "EXT 2023"]
[Source "ChessBase"]
[SourceDate "2022.10.05"]
[SourceVersion "1"]
[SourceVersionDate "2022.10.05"]
[SourceQuality "1"]
[WhiteTeam "Hamburg Koenigsspringer"]
[BlackTeam "Hamburg Diogenes"]
[WhiteTeamCountry "GER"]
[BlackTeamCountry "GER"]

1. e4 Nf6 2. e5 Nd5 3. d4 d6 4. Bc4 c6 5. exd6 Qxd6 6. Ne2 Bg4 7. 0-0 Bxe2 8. Bxe2 e6 9. c4 Nf6 10. Nc3 Nbd7 11. Bf3 Qb4 12. a3 Qa5 13. d5 cxd5 14. cxd5 e5 15. Be3 Bd6 16. b4 Qc7 17. Rc1 Qb8 18. Nb5 0-0 19. Nxd6 Qxd6 20. Bc5 Nxc5 21. bxc5 Qa6 22. Re1 Rfe8 23. Qb3 e4 24. Be2 Qa5 25. d6 Rac8 26. Bc4 Rf8 27. Qb4 Qxb4 28. axb4 Rfd8 29. f3 Kf8 30. fxe4 a5 31. e5 Nd7 32. e6 fxe6 33. Bxe6 axb4 34. Rf1+ Nf6 35. Bxc8 Rxc8 36. Rf5 Kf7 37. Rf4 b3 38. Rb4 Ke6 39. Rxb3 Ne4 40. Re3 1-0

[Event "Oberliga Nord N 1920"]
[Site "Germany"]
[Date "2021.08.08"]
[Round "7.5"]
[White "Michna, Christian"]
[Black "Laqua, Christian"]
[Result "1/2-1/2"]
[WhiteElo "2223"]
[BlackElo "2103"]
[PlyCount "32"]
[EventDate "2019.09.29"]
[EventType "team-tourn"]
[EventRounds "9"]
[EventCountry "GER"]
[SourceTitle "EXT 2023"]
[Source "ChessBase"]
[SourceDate "2022.10.05"]
[SourceVersion "1"]
[SourceVersionDate "2022.10.05"]
[SourceQuality "1"]
[WhiteTeam "Norderstedt"]
[BlackTeam "Hamburg Diogenes"]
[WhiteTeamCountry "GER"]
[BlackTeamCountry "GER"]

1. d4 c5 2. d5 Nf6 3. Nc3 g6 4. e4 d6 5. Bb5+ Bd7 6. a4 Bg7 7. Nf3 Bxb5 8. axb5 Nbd7 9. 0-0 0-0 10. Qe2 Ne8 11. Bf4 Nc7 12. Rfd1 Nb6 13. e5 f6 14. e6 Qe8 15. h4 h6 16. Bg3 f5 1/2-1/2

[Event "GER Cup Net Final-A U2400"]
[Site "Playchess.com INT"]
[Date "2020.06.06"]
[Round "7"]
[White "Laqua, Christian"]
[Black "De Reuter, Uwe"]
[Result "0-1"]
[WhiteElo "1980"]
[BlackElo "1933"]
[PlyCount "98"]
[EventDate "2020.06.06"]
[EventType "swiss (blitz)"]
[EventRounds "13"]
[EventCountry "GER"]
[SourceTitle "CBM 197 Extra"]
[Source "ChessBase"]
[SourceDate "2020.09.30"]
[SourceVersion "1"]
[SourceVersionDate "2020.09.30"]
[SourceQuality "1"]

1. c4 Nf6 2. g3 c6 3. Nf3 d5 4. b3 Nbd7 5. Bb2 e6 6. Bg2 Bd6 7. d3 0-0 8. Nbd2 Re8 9. Qc2 e5 10. cxd5 Nxd5 11. Rc1 N7f6 12. Ng5 h6 13. Nge4 Nxe4 14. Nxe4 Bb4+ 15. Nd2 Bg4 16. a3 Bf8 17. Nc4 f6 18. 0-0 Rc8 19. Rfe1 Be6 20. b4 Nb6 21. Na5 Qd7 22. Nb3 Na4 23. Na5 Nxb2 24. Qxb2 Rc7 25. Rc2 Bd5 26. e4 Be6 27. Rd1 Rd8 28. Rcd2 Qd4 29. Qxd4 Rxd4 30. Kf1 b6 31. Nc4 c5 32. bxc5 Bxc5 33. Ne3 Bxa3 34. Ra2 Bc5 35. Ke2 Bxa2 36. Ra1 Be6 37. h4 Rcd7 38. Nd5 Bxd5 39. exd5 a5 40. Rb1 R4xd5 41. Bxd5+ Rxd5 42. Rb5 Rd4 43. Rb1 Rb4 44. Rc1 a4 45. Kf3 a3 46. Ra1 Rb2 47. Kg4 Rxf2 48. Kh5 Kh7 49. g4 g6# 0-1

[Event "GER Cup Net Final-A U2400"]
[Site "Playchess.com INT"]
[Date "2020.06.06"]
[Round "10"]
[White "Laqua, Christian"]
[Black "Lantzsch, Christian"]
[Result "1-0"]
[WhiteElo "1957"]
[BlackElo "2055"]
[PlyCount "45"]
[EventDate "2020.06.06"]
[EventType "swiss (blitz)"]
[EventRounds "13"]
[EventCountry "GER"]
[SourceTitle "CBM 197 Extra"]
[Source "ChessBase"]
[SourceDate "2020.09.30"]
[SourceVersion "1"]
[SourceVersionDate "2020.09.30"]
[SourceQuality "1"]

1. c4 d6 2. g3 e5 3. Nc3 Nc6 4. Bg2 Be6 5. d3 g6 6. Rb1 Qd7 7. b4 Bg7 8. b5 Nd8 9. Qb3 f5 10. Nf3 h6 11. Nd2 Ne7 12. a4 0-0 13. Ba3 Kh7 14. Nd5 f4 15. Ne4 Nf5 16. Bb2 c6 17. bxc6 bxc6 18. Ndc3 Nd4 19. Qd1 Rb8 20. Ba3 Nf7 21. 0-0 Rfc8 22. a5 Bf8 23. Nf6+ 1-0

[Event "GER Cup Net Final-A U2400"]
[Site "Playchess.com INT"]
[Date "2020.06.06"]
[Round "2"]
[White "Laqua, Christian"]
[Black "Loehr, Markus"]
[Result "1-0"]
[WhiteElo "1971"]
[BlackElo "2078"]
[PlyCount "71"]
[EventDate "2020.06.06"]
[EventType "swiss (blitz)"]
[EventRounds "13"]
[EventCountry "GER"]
[SourceTitle "CBM 197 Extra"]
[Source "ChessBase"]
[SourceDate "2020.09.30"]
[SourceVersion "1"]
[SourceVersionDate "2020.09.30"]
[SourceQuality "1"]

1. c4 e5 2. g3 Nf6 3. Bg2 c6 4. d4 Bb4+ 5. Bd2 Bxd2+ 6. Qxd2 d6 7. Nc3 0-0 8. e3 Qe7 9. Nge2 Re8 10. 0-0 e4 11. h3 h5 12. d5 c5 13. f3 exf3 14. Rxf3 Nbd7 15. Raf1 Ne5 16. Rxf6 gxf6 17. Nf4 Nxc4 18. Qd1 Qxe3+ 19. Kh2 h4 20. Nh5 hxg3+ 21. Kh1 Re5 22. Nxf6+ Kg7 23. Ng4 Bxg4 24. Qxg4+ Rg5 25. Qxc4 Rh8 26. Rf3 Rxh3+ 27. Bxh3 g2+ 28. Bxg2 Qe1+ 29. Qf1 Qh4+ 30. Kg1 Qd4+ 31. Qf2 Qe5 32. Rxf7+ Kg6 33. Rf3 b5 34. Ne2 Qxb2 35. Nf4+ Kh6 36. Qxb2 1-0

[Event "GER Cup Net Final-A U2400"]
[Site "Playchess.com INT"]
[Date "2020.06.06"]
[Round "3"]
[White "Richter, Nils"]
[Black "Laqua, Christian"]
[Result "1-0"]
[WhiteElo "2100"]
[BlackElo "1992"]
[PlyCount "175"]
[EventDate "2020.06.06"]
[EventType "swiss (blitz)"]
[EventRounds "13"]
[EventCountry "GER"]
[SourceTitle "CBM 197 Extra"]
[Source "ChessBase"]
[SourceDate "2020.09.30"]
[SourceVersion "1"]
[SourceVersionDate "2020.09.30"]
[SourceQuality "1"]

1. c4 e5 2. Nc3 d6 3. Nf3 f5 4. d4 e4 5. Ng1 Nf6 6. e3 c6 7. f3 d5 8. Be2 Na6 9. Nh3 Nc7 10. 0-0 Bd6 11. fxe4 fxe4 12. Nf4 0-0 13. Qb3 Bxf4 14. Rxf4 Kh8 15. Bd2 Rb8 16. Raf1 Be6 17. Qa4 a6 18. c5 Nb5 19. Nxb5 axb5 20. Qa3 Ra8 21. Qb3 Qe7 22. a3 Nd7 23. Be1 Rxf4 24. Rxf4 Rf8 25. Bg3 Rxf4 26. Bxf4 Qh4 27. Qd1 Nf6 28. Bg3 Qg5 29. Bf4 Qh4 30. Bf1 Bg4 31. Qd2 Nh5 32. Be5 Qe7 33. Qa5 h6 34. a4 bxa4 35. Qxa4 Kh7 36. h3 Bc8 37. Qd1 Qf7 38. Be2 Nf6 39. Qf1 Be6 40. b4 Nd7 41. Bd6 Qxf1+ 42. Kxf1 Kg6 43. b5 cxb5 44. Bxb5 Kf6 45. Kf2 g5 46. Kg3 Kf7 47. h4 Nf6 48. hxg5 hxg5 49. Be2 Kg6 50. Be5 Nh5+ 51. Kf2 Bd7 52. Ke1 Be8 53. Kd2 Nf6 54. Bxf6 Kxf6 55. Kc3 Kf5 56. g3 Bc6 57. Kb4 Ke6 58. Ka5 Kd7 59. Kb6 Kc8 60. Bg4+ Kb8 61. Be6 Ka8 62. Kc7 Ka7 63. Kd6 Bb5 64. Bxd5 Bd3 65. Ke5 b6 66. Bxe4 Bc4 67. cxb6+ Kxb6 68. Kf6 g4 69. Kg5 Be2 70. Bf5 Kc7 71. Bxg4 Bd3 72. Kf6 Kd6 73. Bf5 Bc4 74. e4 Bd3 75. g4 Bc4 76. g5 Bg8 77. g6 Kc7 78. g7 Kd6 79. d5 Kc7 80. Be6 Bh7 81. g8Q Bxg8 82. Bxg8 Kd6 83. e5+ Kc7 84. e6 Kd8 85. e7+ Ke8 86. Bf7+ Kd7 87. e8Q+ Kd6 88. Qe7# 1-0

[Event "GER Cup Net V4 U2400"]
[Site "Playchess.com INT"]
[Date "2020.05.31"]
[Round "2"]
[White "Laqua, Christian"]
[Black "Braun, Georg"]
[Result "0-1"]
[WhiteElo "1966"]
[BlackElo "2163"]
[PlyCount "136"]
[EventDate "2020.05.31"]
[EventType "swiss (blitz)"]
[EventRounds "9"]
[EventCountry "GER"]
[SourceTitle "EXT 2021"]
[Source "ChessBase"]
[SourceDate "2020.10.23"]
[SourceVersion "1"]
[SourceVersionDate "2020.10.23"]
[SourceQuality "1"]

1. c4 c5 2. g3 Nc6 3. Bg2 g6 4. e3 Bg7 5. Ne2 Nf6 6. Nbc3 0-0 7. 0-0 Rb8 8. d4 d6 9. h3 a6 10. b3 Qc7 11. Bb2 b5 12. cxb5 axb5 13. dxc5 dxc5 14. Rc1 Rd8 15. Qc2 Nb4 16. Qb1 Nd3 17. Rcd1 Nxb2 18. Rxd8+ Qxd8 19. Qxb2 Bb7 20. Rd1 Qb6 21. Qd2 Bxg2 22. Kxg2 Qc6+ 23. Kg1 b4 24. Nd5 Qe6 25. Nef4 Qe5 26. Qc2 Ne4 27. h4 Ra8 28. Nb6 Re8 29. Nd7 Qf5 30. Rd5 e5 31. Nxc5 Nxc5 32. Qxc5 Qb1+ 33. Kh2 exf4 34. gxf4 Qxa2 35. Kg2 Qxb3 36. Qc6 Rf8 37. Rd7 Qc3 38. Qb5 b3 39. Rb7 b2 40. h5 Qc8 41. h6 Qg4+ 42. Kf1 Qh3+ 43. Ke2 Qxh6 44. Qd5 Qh5+ 45. Qxh5 gxh5 46. Kf3 f5 47. Kg3 Rc8 48. Kh4 Rc1 49. Kxh5 b1Q 50. Rxb1 Rxb1 51. Kg5 Rf1 52. Kxf5 Rxf2 53. e4 h5 54. e5 h4 55. Kg4 h3 56. Kxh3 Rxf4 57. e6 Re4 58. Kg3 Rxe6 59. Kf4 Kf7 60. Kf5 Re5+ 61. Kf4 Kf6 62. Kg4 Bh6 63. Kh4 Rg5 64. Kh3 Kf5 65. Kh4 Kf4 66. Kh3 Kf3 67. Kh4 Rf5 68. Kh3 Rh5# 0-1

[Event "GER Cup Net V4 U2400"]
[Site "Playchess.com INT"]
[Date "2020.05.31"]
[Round "8"]
[White "Laqua, Christian"]
[Black "Koepke, Christian"]
[Result "1-0"]
[WhiteElo "1947"]
[BlackElo "2085"]
[PlyCount "149"]
[EventDate "2020.05.31"]
[EventType "swiss (blitz)"]
[EventRounds "9"]
[EventCountry "GER"]
[SourceTitle "EXT 2021"]
[Source "ChessBase"]
[SourceDate "2020.10.23"]
[SourceVersion "1"]
[SourceVersionDate "2020.10.23"]
[SourceQuality "1"]

1. c4 e5 2. g3 h5 3. Nf3 e4 4. Nh4 Be7 5. Nc3 Bxh4 6. gxh4 Qxh4 7. Rg1 Qxh2 8. Rxg7 Nf6 9. Qc2 Qh1 10. d3 Kf8 11. Rg3 h4 12. Rh3 Qg1 13. Bf4 d6 14. Bh2 Qg6 15. dxe4 Bxh3 16. Bxh3 Nbd7 17. 0-0-0 Qh6+ 18. f4 Re8 19. Kb1 Nc5 20. e5 dxe5 21. fxe5 Nh5 22. Qf5 Ne6 23. Rf1 Qh7 24. Qxh7 Rxh7 25. Nd5 c6 26. Ne3 Ke7 27. Nf5+ Kd8 28. Nxh4 Kc7 29. Nf5 Rg8 30. Nd6 Rgg7 31. Bf5 Rh6 32. Ne8+ Kb6 33. Nxg7 Nexg7 34. Bg4 Rg6 35. Bg1+ Ka5 36. Bxh5 Nxh5 37. Bxa7 b6 38. Bb8 Ng3 39. Rg1 Ka6 40. Bd6 c5 41. b3 Kb7 42. Rg2 Rg7 43. Kc2 Kc6 44. Bb8 Kb7 45. Bd6 Kc6 46. Bf8 Rg8 47. Bh6 Rh8 48. Bf4 Nf5 49. Rf2 Nd4+ 50. Kd3 Kd7 51. Be3 Ke6 52. Bxd4 Rd8 53. Rf4 cxd4 54. Rf6+ Ke7 55. Rxb6 Rh8 56. Kxd4 Rh2 57. e4 Rxa2 58. c5 Rd2+ 59. Ke3 Rc2 60. b4 Rc4 61. Kd3 Rc1 62. Rb7+ Ke6 63. Kd4 Rd1+ 64. Kc4 Re1 65. Kb5 Rxe4 66. c6 Rxe5+ 67. Kb6 Re4 68. b5 f5 69. Rd7 Rc4 70. Rd3 f4 71. Kc7 Rc5 72. b6 Ke5 73. b7 Rb5 74. b8Q Rxb8 75. Kxb8 1-0

[Event "GER Cup Net V4 U2400"]
[Site "Playchess.com INT"]
[Date "2020.05.31"]
[Round "9"]
[White "Laqua, Christian"]
[Black "Smiel, Thorsten"]
[Result "1-0"]
[WhiteElo "1970"]
[BlackElo "1890"]
[PlyCount "37"]
[EventDate "2020.05.31"]
[EventType "swiss (blitz)"]
[EventRounds "9"]
[EventCountry "GER"]
[SourceTitle "EXT 2021"]
[Source "ChessBase"]
[SourceDate "2020.10.23"]
[SourceVersion "1"]
[SourceVersionDate "2020.10.23"]
[SourceQuality "1"]

1. c4 c5 2. g3 Nf6 3. Bg2 d5 4. cxd5 Nxd5 5. Nc3 Nc7 6. Qb3 g6 7. Bxb7 Bxb7 8. Qxb7 Bg7 9. d3 Nd7 10. Qg2 0-0 11. Nf3 Rb8 12. 0-0 Nb5 13. Nxb5 Rxb5 14. Rb1 Qa5 15. Bd2 Qxa2 16. Ra1 Qxb2 17. Rxa7 Rd8 18. Ba5 Qa2 19. Bb6 1-0

[Event "GER Cup Net V4 U2400"]
[Site "Playchess.com INT"]
[Date "2020.05.31"]
[Round "4"]
[White "Pernutz, Hans Gerhard"]
[Black "Laqua, Christian"]
[Result "0-1"]
[WhiteElo "1805"]
[BlackElo "1949"]
[PlyCount "120"]
[EventDate "2020.05.31"]
[EventType "swiss (blitz)"]
[EventRounds "9"]
[EventCountry "GER"]
[SourceTitle "EXT 2021"]
[Source "ChessBase"]
[SourceDate "2020.10.23"]
[SourceVersion "1"]
[SourceVersionDate "2020.10.23"]
[SourceQuality "1"]

1. e4 Nf6 2. e5 Nd5 3. c4 Nb6 4. d4 d6 5. f4 dxe5 6. fxe5 Nc6 7. Be3 Bf5 8. Nc3 e6 9. Nf3 Bb4 10. Rc1 0-0 11. a3 Bxc3+ 12. Rxc3 f6 13. exf6 Qxf6 14. Be2 Rad8 15. 0-0 Bg4 16. Ne5 Qxf1+ 17. Qxf1 Rxf1+ 18. Kxf1 Bxe2+ 19. Kxe2 Nxd4+ 20. Bxd4 Rxd4 21. c5 Nd5 22. Rc4 Nf4+ 23. Kf3 Rxc4 24. Nxc4 Nd3 25. Ke4 Nxc5+ 26. Ke5 Kf7 27. g4 Ke7 28. b4 Nd3+ 29. Ke4 Nf2+ 30. Kf3 Nd1 31. Ke2 Nc3+ 32. Kd3 Nb5 33. a4 Nd6 34. Ne5 c6 35. Kd4 Nf7 36. Nd3 Kd6 37. Nc5 Nd8 38. Ne4+ Ke7 39. Ke5 b6 40. a5 Nf7+ 41. Kd4 Nd6 42. Ng5 h6 43. Nf3 Nb5+ 44. Kc4 Kd6 45. axb6 axb6 46. h4 Na3+ 47. Kb3 Nb5 48. Kc4 e5 49. g5 hxg5 50. Nxg5 Na3+ 51. Kb3 Nb5 52. Kc4 Nc7 53. Nf7+ Ke7 54. Ng5 Ne6 55. Ne4 Nd4 56. Ng5 Kf6 57. Ne4+ Kf5 58. Nd6+ Kf4 59. Nf7 Nf5 60. Nd6 Nxd6+ 0-1

[Event "GER Cup Net V3 U2400"]
[Site "Playchess.com INT"]
[Date "2020.05.27"]
[Round "7"]
[White "Laqua, Christian"]
[Black "Commercon, Simon"]
[Result "1-0"]
[WhiteElo "1986"]
[BlackElo "1996"]
[PlyCount "75"]
[EventDate "2020.05.27"]
[EventType "swiss (blitz)"]
[EventRounds "9"]
[EventCountry "GER"]
[SourceTitle "EXT 2021"]
[Source "ChessBase"]
[SourceDate "2020.10.23"]
[SourceVersion "1"]
[SourceVersionDate "2020.10.23"]
[SourceQuality "1"]

1. c4 Nf6 2. g3 e5 3. Bg2 Bc5 4. Nc3 a6 5. e3 Nc6 6. Nge2 0-0 7. 0-0 Re8 8. a3 e4 9. d4 exd3 10. Qxd3 d6 11. b4 Ba7 12. Nd5 Ne5 13. Qc2 c6 14. Nxf6+ Qxf6 15. Bb2 Qh6 16. Bxe5 dxe5 17. Rfd1 Bg4 18. Rd2 Qh5 19. Nc3 Rad8 20. Ne4 Bf5 21. Qd1 Qxd1+ 22. Raxd1 Rxd2 23. Rxd2 Be6 24. Bf1 Kf8 25. Ng5 Bf5 26. Bh3 Bxh3 27. Nxh3 Ke7 28. Ng5 h6 29. Ne4 g6 30. g4 Bb6 31. Kf1 Bc7 32. Ke2 Rd8 33. Nc5 Rxd2+ 34. Kxd2 b6 35. Nxa6 Bd6 36. c5 bxc5 37. bxc5 Bc7 38. Nb4 1-0

[Event "GER Cup Net V3 U2400"]
[Site "Playchess.com INT"]
[Date "2020.05.27"]
[Round "8"]
[White "Loew, Gerald"]
[Black "Laqua, Christian"]
[Result "1-0"]
[WhiteElo "1984"]
[BlackElo "1986"]
[PlyCount "45"]
[EventDate "2020.05.27"]
[EventType "swiss (blitz)"]
[EventRounds "9"]
[EventCountry "GER"]
[SourceTitle "EXT 2021"]
[Source "ChessBase"]
[SourceDate "2020.10.23"]
[SourceVersion "1"]
[SourceVersionDate "2020.10.23"]
[SourceQuality "1"]

1. c4 e5 2. Nc3 d6 3. Nf3 f5 4. d4 e4 5. Ng5 Be7 6. Nh3 Nf6 7. g3 c6 8. Nf4 Na6 9. Bg2 Nc7 10. 0-0 0-0 11. f3 exf3 12. Bxf3 Bd7 13. d5 c5 14. e4 fxe4 15. Nxe4 Nxe4 16. Bxe4 Ne8 17. Ne6 Rxf1+ 18. Qxf1 Qc8 19. Bf5 Bf6 20. Bf4 g6 21. Bh3 Bxb2 22. Be5 Bd4+ 23. Bxd4 1-0

[Event "GER Cup Net V3 U2400"]
[Site "Playchess.com INT"]
[Date "2020.05.27"]
[Round "4"]
[White "Zimmermann, Rene"]
[Black "Laqua, Christian"]
[Result "1-0"]
[WhiteElo "2137"]
[BlackElo "1986"]
[PlyCount "43"]
[EventDate "2020.05.27"]
[EventType "swiss (blitz)"]
[EventRounds "9"]
[EventCountry "GER"]
[SourceTitle "EXT 2021"]
[Source "ChessBase"]
[SourceDate "2020.10.23"]
[SourceVersion "1"]
[SourceVersionDate "2020.10.23"]
[SourceQuality "1"]

1. d4 c5 2. c3 Qa5 3. e3 d5 4. Nf3 Nf6 5. Bd3 Bg4 6. 0-0 e6 7. h3 Bh5 8. Nbd2 cxd4 9. exd4 Nc6 10. Qe1 Bg6 11. Qe2 Bxd3 12. Qxd3 Bd6 13. Re1 Nd7 14. Ng5 Nf8 15. Nf1 Qc7 16. Ne3 Bf4 17. Nxd5 Bh2+ 18. Kh1 Qd6 19. Ne3 Ng6 20. Nf5 Qc7 21. Nxg7+ Kf8 22. N7xe6+ 1-0

[Event "GER Cup Net V2 U2400"]
[Site "Playchess.com INT"]
[Date "2020.05.22"]
[Round "7"]
[White "Hoefelsauer, Thomas"]
[Black "Laqua, Christian"]
[Result "1-0"]
[WhiteElo "2058"]
[BlackElo "1957"]
[PlyCount "177"]
[EventDate "2020.05.22"]
[EventType "swiss (blitz)"]
[EventRounds "9"]
[EventCountry "GER"]
[SourceTitle "EXT 2021"]
[Source "ChessBase"]
[SourceDate "2020.10.23"]
[SourceVersion "1"]
[SourceVersionDate "2020.10.23"]
[SourceQuality "1"]

1. d4 c5 2. c3 Qa5 3. dxc5 Qxc5 4. Qd4 Qc7 5. Nf3 Nc6 6. Qd3 g6 7. g3 Bg7 8. Bg2 d6 9. 0-0 Nf6 10. Bg5 Bf5 11. Qc4 Ne4 12. Nbd2 d5 13. Qxd5 Rd8 14. Qc4 Nxg5 15. Nxg5 0-0 16. Nb3 h6 17. Nf3 e5 18. Rfd1 Be6 19. Qh4 b6 20. Nfd2 f5 21. Nf1 e4 22. e3 Ne5 23. Nfd2 Nd3 24. Rab1 Rd7 25. Nd4 Bxa2 26. Ra1 Bf7 27. Rdb1 Qd8 28. Qxd8 Rfxd8 29. Bf1 Ne5 30. Ra6 Re7 31. Rba1 Rdd7 32. Nb5 Nc6 33. Nc4 Bxc4 34. Bxc4+ Kf8 35. Nd4 Bxd4 36. cxd4 Nb4 37. R6a4 a5 38. b3 Rb7 39. Bb5 Rec7 40. Rd1 Rc3 41. Ra3 Rbc7 42. Bc4 R7xc4 43. bxc4 Rxa3 44. c5 bxc5 45. dxc5 Rc3 46. Rd6 Rxc5 47. Rxg6 Nd3 48. Rxh6 Kg7 49. Ra6 Rc1+ 50. Kg2 Rc2 51. Rxa5 Rxf2+ 52. Kh3 Re2 53. Rxf5 Nf2+ 54. Kh4 Nd1 55. h3 Nxe3 56. Re5 Kf6 57. Re8 Ng2+ 58. Kg4 e3 59. Kf3 Ra2 60. h4 Ne1+ 61. Kxe3 Ng2+ 62. Kf3 Ne1+ 63. Rxe1 Ra3+ 64. Re3 Ra1 65. g4 Rf1+ 66. Ke4 Rh1 67. h5 Kg5 68. Kf3 Rf1+ 69. Kg2 Rf4 70. Kh3 Rxg4 71. Re5+ Kf4 72. Re4+ Kxe4 73. Kxg4 Ke5 74. Kg5 Ke6 75. Kg6 Ke7 76. Kg7 Ke6 77. h6 Kf5 78. h7 Ke6 79. h8Q Kd5 80. Qh6 Ke4 81. Qf6 Kd5 82. Kf7 Ke4 83. Ke6 Ke3 84. Kd5 Kd2 85. Qf3 Kc2 86. Kc4 Kd2 87. Qf2+ Kc1 88. Kc3 Kd1 89. Qf1# 1-0

[Event "GER Cup Net V2 U2400"]
[Site "Playchess.com INT"]
[Date "2020.05.22"]
[Round "2"]
[White "Lachmann, Utz"]
[Black "Laqua, Christian"]
[Result "1-0"]
[WhiteElo "1862"]
[BlackElo "1957"]
[PlyCount "73"]
[EventDate "2020.05.22"]
[EventType "swiss (blitz)"]
[EventRounds "9"]
[EventCountry "GER"]
[SourceTitle "EXT 2021"]
[Source "ChessBase"]
[SourceDate "2020.10.23"]
[SourceVersion "1"]
[SourceVersionDate "2020.10.23"]
[SourceQuality "1"]

1. e4 Nf6 2. e5 Nd5 3. c4 Nb6 4. c5 Nd5 5. Nc3 e6 6. d4 b6 7. cxb6 axb6 8. Bd3 Ba6 9. Nge2 Bxd3 10. Qxd3 Qc8 11. 0-0 Qa6 12. Qg3 Nc6 13. Be3 0-0-0 14. a3 f6 15. b4 Qd3 16. Nxd5 exd5 17. Nf4 Qb5 18. Rfc1 Re8 19. e6 dxe6 20. Qh3 Nd8 21. Rc3 Bd6 22. Rac1 Re7 23. Nh5 Rhe8 24. Bf4 Rd7 25. Bxd6 Rxd6 26. Rxc7+ Kb8 27. Nxg7 Rg8 28. Qxh7 Nc6 29. Qxg8+ Kxc7 30. Ne8+ Kd7 31. Nxd6 Kxd6 32. Qf8+ Kd7 33. Qf7+ Ne7 34. Qxf6 Qd3 35. Qe5 Qxa3 36. Rc7+ Ke8 37. h3 1-0

[Event "GER Cup Net V1 U2400"]
[Site "Playchess.com INT"]
[Date "2020.05.19"]
[Round "2"]
[White "Laqua, Christian"]
[Black "Dahl, Christoph"]
[Result "1-0"]
[WhiteElo "2000"]
[BlackElo "2213"]
[PlyCount "135"]
[EventDate "2020.05.19"]
[EventType "swiss (blitz)"]
[EventRounds "9"]
[EventCountry "GER"]
[SourceTitle "EXT 2021"]
[Source "ChessBase"]
[SourceDate "2020.10.23"]
[SourceVersion "1"]
[SourceVersionDate "2020.10.23"]
[SourceQuality "1"]

1. c4 e5 2. g3 Nf6 3. Bg2 d5 4. cxd5 Nxd5 5. Nf3 Nc6 6. 0-0 Be7 7. d4 e4 8. Ne5 Nxe5 9. dxe5 Bf5 10. Bxe4 Bxe4 11. Qa4+ c6 12. Qxe4 0-0 13. Nc3 Nxc3 14. bxc3 Qd7 15. Be3 Rfd8 16. Rab1 b5 17. a4 a6 18. Rb2 Qe6 19. Ra1 f5 20. Qf4 g5 21. Qf3 Qxe5 22. Qxc6 Rdc8 23. Bd4 Rxc6 24. Bxe5 bxa4 25. Rxa4 Bf6 26. Bd4 Bxd4 27. cxd4 Rd8 28. e3 Rcd6 29. Rba2 Ra8 30. Ra5 Rf6 31. Re5 Kf7 32. Raa5 Kg6 33. Rec5 g4 34. Kg2 h5 35. h3 Rh8 36. hxg4 hxg4 37. Rc7 Ra8 38. d5 Rd8 39. Rc6 Rxc6 40. dxc6 Ra8 41. c7 Rc8 42. Rxa6+ Kg5 43. Rc6 Kh5 44. Kf1 Kg5 45. Ke2 f4 46. Rc5+ Kf6 47. exf4 Ke6 48. Rc3 Kd5 49. Rc1 Ke4 50. Rc4+ Kd5 51. Rc2 Kd4 52. f3 gxf3+ 53. Kxf3 Kd3 54. Rc6 Kd4 55. g4 Kd5 56. Rc1 Kd6 57. g5 Ke6 58. Kg4 Kf7 59. f5 Ke7 60. Rc6 Kd7 61. Rc3 Ke7 62. g6 Kf6 63. Rc6+ Kg7 64. Kg5 Kh8 65. f6 Kg8 66. Rd6 Re8 67. Rd8 Kf8 68. Rxe8+ 1-0

[Event "Oberliga Nord N 1819"]
[Site "Germany"]
[Date "2018.10.21"]
[Round "1.6"]
[White "Laqua, Christian"]
[Black "Hinrichs, Lars"]
[Result "1/2-1/2"]
[WhiteElo "2124"]
[BlackElo "2233"]
[PlyCount "75"]
[EventDate "2018.10.21"]
[EventType "team-tourn"]
[EventRounds "9"]
[EventCountry "GER"]
[SourceTitle "EXT 2020"]
[Source "ChessBase"]
[SourceDate "2019.10.17"]
[SourceVersion "1"]
[SourceVersionDate "2019.10.17"]
[SourceQuality "1"]
[WhiteTeam "Hamburg Diogenes"]
[BlackTeam "Hamburger SK III"]
[WhiteTeamCountry "GER"]
[BlackTeamCountry "GER"]

1. g3 e5 2. c4 Nf6 3. Bg2 c6 4. d4 exd4 5. Qxd4 Na6 6. Nf3 Bc5 7. Qe5+ Be7 8. Nc3 0-0 9. 0-0 Re8 10. Qd4 Nc5 11. Qd1 d5 12. cxd5 cxd5 13. Bg5 Nce4 14. Bxf6 Bxf6 15. Nxd5 Bxb2 16. Rb1 Ba3 17. Rb3 Qa5 18. Nd4 Bf8 19. Rb5 Qd8 20. Qc2 a6 21. Bxe4 Rxe4 22. Qxe4 axb5 23. Nxb5 Rxa2 24. Nbc3 Rd2 25. Rd1 Rxd1+ 26. Nxd1 Bd7 27. Qe5 Bc6 28. e4 b5 29. N1e3 b4 30. Nf5 Bxd5 31. exd5 b3 32. d6 Qf6 33. Qxf6 gxf6 34. d7 b2 35. Nh6+ Kg7 36. Nf5+ Kg8 37. Nh6+ Kg7 38. Nf5+ 1/2-1/2

[Event "Oberliga Nord N 1718"]
[Site "Germany"]
[Date "2018.03.18"]
[Round "8.5"]
[White "Laqua, Christian"]
[Black "Rittemann, Steffen"]
[Result "1/2-1/2"]
[WhiteElo "2131"]
[BlackElo "2173"]
[PlyCount "32"]
[EventDate "2017.10.08"]
[EventType "team-tourn"]
[EventRounds "9"]
[EventCountry "GER"]
[SourceTitle "EXT 2019"]
[Source "ChessBase"]
[SourceDate "2018.10.10"]
[SourceVersion "1"]
[SourceVersionDate "2018.10.10"]
[SourceQuality "1"]
[WhiteTeam "Hamburg Diogenes"]
[BlackTeam "Schwerin"]
[WhiteTeamCountry "GER"]
[BlackTeamCountry "GER"]

1. c4 g6 2. g3 Bg7 3. Bg2 Nf6 4. Nc3 0-0 5. d3 c5 6. Rb1 Nc6 7. a3 a5 8. Bg5 d6 9. Nf3 h6 10. Bd2 Be6 11. 0-0 Qd7 12. Na4 Ra6 13. b3 Bh3 14. Bc3 Qg4 15. Bxf6 Bxf6 16. Qd2 Kh7 1/2-1/2